000 00529cam a22001577a 4500
008 180718b1960 xxu||||| |||| 00| 0 eng d
082 _aDx73 R739
100 _aRostow, W.W.
245 _aUnited states in the world arena: an essay in recent history
_cby W.W. Rostow
260 _aNew York
_bHarper
_c1960
300 _axxii, 568p
440 _aAmerican Project Series
650 _aUnited States --Foreign relations --20th century
650 _aUnited States --History --20th century
650 _aWorld politics --20th century
999 _c424460
_d424460